=LDR 00000nam 2200000 4500 =001 INLIS000000000023860 =005 20130612122503 =008 ***********************************6aInd** =035 ##$$0010-061300000023860 =041 ##$$a 6aInd =082 ##$$a 372.72 =090 ##$$a 372.72, Muh p =100 ##$$a Muhammad S =245 ##$$a Pengajaran berhitung untuk kelas VI caturwulan 2 sekolah dasar, Muahmmad S =260 ##$$a 1993 $b Solo =300 ##$$a 87 hlm, ilus, 28 cm =650 ##$$a Matematika - Study dan pengajaran =850 ##$$a NBPNMAT